Autobahnen in Niedersachsen - Statistiken

Allgemein
  • Dieses Quiz wurde 161 mal gespielt
  • Das Durchschnittsergebnis liegt bei 13 aus 22
Antwortstatistiken
Länge Autobahn % Korrekt
155 km A 2
99%
207 km A 1
98%
283 km A 7
96%
157 km A 31
81%
124 km A 27
76%
37,2 km A 36
75%
99 km A 39
75%
66 km A 30
73%
11,4 km A 38
73%
96 km A 28
72%
94 km A 29
71%
26 km A 33
71%
13,6 km A 37
71%
23,5 km A 26
69%
17,9 km A 352
28%
7 km A 261
22%
12,3 km A 391
22%
9,4 km A 293
21%
4,1 km A 392
21%
4,2 km A 369
16%
4,3 km A 280
15%
0,5 km A 270
14%
Keine übereinstimmenden Quizze gefunden
Verteilung der Resultate
Anzahl Personen mit jedem Resultat
Perzentil nach korrekt beantworteten Fragen
Ihre Resultats-Entwicklung
Sie haben dieses Quiz noch nicht gespielt